| 000 | | | 05486cbc2a2200000 x 450 |
| 001 | | | c56262b1ca12499d87908ce006a81123 |
| 005 | | | 20170302141453.0 |
| 100 | ## | $a | 20130918l18041826k y0rusy0189 ca |
| 101 | 0# | $a | rus |
| 102 | ## | $a | RU |
| 225 | 0# | $a | Фонд Комиссия составления законов |
| | $h | Опись № 1 |
| 300 | ## | $a | Законодательные материалы , собранные Комиссией для сведения. |
| 324 | ## | $a | Пленка |
| 801 | #0 | $a | RU |
| | $b | РГИА |
| | $c | 20130918 |
| 801 | #1 | $a | RU |
| | $b | ГлавНИВЦ |
| | $c | 20130918 |
| | $2 | rusmarc |
| 801 | #2 | $a | RU |
| | $b | ПБ им. Б.Н. Ельцина |
| | $c | 20130919 |
| | $g | RCR |
| | $2 | rusmarc |
| 850 | ## | $a | Федеральное казенное учреждение "Российский государственный исторический архив" (РГИА) |
| 852 | ## | $a | РГИА |
| | $j | 556 |
| 937 | ## | $a | ASBIBLIO_SCAN |
| | $b | РГИА_1260:_1:_556: |
| | $d | 946637 |
| | $h | РГИА |
| 200 | 1# | $a | "Сравнительное изложение французского,английского и прусского законодательства о покушении на безопасность государя". Французсий язык |
| | $j | [1804-1826] |
| 215 | ## | $a | 49 листов |
| 035 | ## | $a | c56262b1ca12499d87908ce006a81123 |
| 461 | #0 | $1 | 001eedaa675-0877-4536-8c3c-f9d4e3f25fe5 |
| | $1 | 2001 |
| | $a | Комиссия составления законов при Государственном совете |
| | $1 | 251 |
| | $c | Фонд |
| | $1 | 852 |
| | $j | 1260 |
| 462 | #0 | $1 | 0017b257f6b-15f4-45b4-9269-1c15dadeccee |
| | $1 | 2001 |
| | $a | 1804-1826 гг. |
| | $v | Д. 556 |
| | $1 | 251 |
| | $c | Опись |
| | $1 | 852 |
| | $j | 1 |
| 122 | 2# | $a | d1804###### |
| | $a | d1826###### |
| 251 | ## | $c | Дело |
| 606 | 1# | $2 | nlr_sh |
| | $3 | RU\NLR\AUTH\661258038 |
| | $a | Государственные и политические деятели |
| | $j | Документы и материалы |
| | $x | Покушения |
| 605 | ## | $2 | acquisition_Prlib |
| | $3 | DITM\AF\0000002775 |
| | $a | Власть |
| | $l | коллекция |
| 605 | ## | $a | Россия и страны мира |
| | $l | коллекция |
| | $2 | acquisition_Prlib |
| | $3 | DITM\AF\0000004461 |
| 605 | ## | $a | Россия - Германия: из истории взаимоотношений |
| | $l | коллекция |
| | $2 | acquisition_Prlib |
| | $3 | LIBNET\UAF\0000060593 |
| 686 | ## | $2 | rubbk |
| | $a | 67.3(4Вел)5ю1 |
| | $v | LBC/M |
| 686 | ## | $a | 67.3(4Гем)5ю1 |
| | $v | LBC/M |
| | $2 | rubbk |
| 686 | ## | $a | 67.3(4Фра)5ю1 |
| | $v | LBC/M |
| | $2 | rubbk |
| 617 | ## | $2 | prlib_sh |
| | $a | Великобритания |
| 617 | ## | $a | Франция |
| | $2 | prlib_sh |
| 617 | ## | $a | Германия |
| | $2 | prlib_sh |